Olocausto : hate crimes : un continuum dell'intolleranza? : relazione della prova finale in seminario di criminologia /

Guardat en:
Dades bibliogràfiques
Autor principal: Cesario, Silvia (Autor)
Altres autors: Sette, Raffaella
Format: Llibre
Idioma:italià
Publicat: A.a. 2008-2009
Etiquetes: Afegir etiqueta
Sense etiquetes, Sigues el primer a etiquetar aquest registre!

MARC

LEADER 00000nam a22000007i 4500
001 IT\ICCU\UBO\3671370
003 ItRI
005 20260124192843.0
008 090727s2009 it |||||| ||||| |||||c
040 |b ita  |c importazione bologna sebina 
041 7 |a ita  |2 ISO-639-2 
100 1 |a Cesario, Silvia  |0 IT\ICCU\UBOV\351225  |4 aut 
245 1 0 |a Olocausto :  |b hate crimes : un continuum dell'intolleranza? : relazione della prova finale in seminario di criminologia /  |c presentata da: Silvia Cesario ; relatore: Raffaella Sette. 
260 |c A.a. 2008-2009 
300 |a 66 p. ;  |c 30 cm 
500 |a In testa al front.: Alma mater studiorum, Università di Bologna, Sede di Cesena, facoltà di Psicologia, corso di laurea in Scienze del comportamento e delle relazioni sociali 
500 |a In calce al front.: Sessione 1. 
700 1 |a Sette, Raffaella  |0 IT\ICCU\BVEV\064887 
942 |2 ddc  |c TS  |n 0 
952 |0 0  |1 0  |4 0  |6 TESI_940_531000000000000_CES  |7 0  |9 24787  |a BO  |b BO  |d 2026-01-15  |i 12899  |l 0  |o TESI 940.531 CES  |p BO12899  |r 2026-01-15 23:23:47  |w 2026-01-15  |x [Sebina 7] [1 v.]  |y TS  |z 1 v. 
999 |c 21070  |d 21070